<?xml version="1.0" encoding="UTF-8"?><?xml-stylesheet type="text/xsl" href="static/style.xsl"?><OAI-PMH xmlns="http://www.openarchives.org/OAI/2.0/" xmlns:xsi="http://www.w3.org/2001/XMLSchema-instance" xsi:schemaLocation="http://www.openarchives.org/OAI/2.0/ http://www.openarchives.org/OAI/2.0/OAI-PMH.xsd"><responseDate>2026-04-17T06:58:42Z</responseDate><request verb="GetRecord" identifier="oai:www.recercat.cat:2072/471853" metadataPrefix="marc">https://recercat.cat/oai/request</request><GetRecord><record><header><identifier>oai:recercat.cat:2072/471853</identifier><datestamp>2025-05-08T14:51:34Z</datestamp><setSpec>com_2072_98</setSpec><setSpec>col_2072_378192</setSpec></header><metadata><record xmlns="http://www.loc.gov/MARC21/slim" xmlns:dcterms="http://purl.org/dc/terms/" xmlns:xsi="http://www.w3.org/2001/XMLSchema-instance" xmlns:doc="http://www.lyncode.com/xoai" xsi:schemaLocation="http://www.loc.gov/MARC21/slim http://www.loc.gov/standards/marcxml/schema/MARC21slim.xsd">
   <leader>00925njm 22002777a 4500</leader>
   <datafield ind2=" " ind1=" " tag="042">
      <subfield code="a">dc</subfield>
   </datafield>
   <datafield ind2=" " ind1=" " tag="720">
      <subfield code="a">Tapias-Espinosa, Carles</subfield>
      <subfield code="e">author</subfield>
   </datafield>
   <datafield ind2=" " ind1=" " tag="720">
      <subfield code="a">Kádár, Elisabet</subfield>
      <subfield code="e">author</subfield>
   </datafield>
   <datafield ind2=" " ind1=" " tag="720">
      <subfield code="a">Segura Torres, Pilar</subfield>
      <subfield code="e">author</subfield>
   </datafield>
   <datafield ind2=" " ind1=" " tag="720">
      <subfield code="a">Universitat Autònoma de Barcelona. Institut de Neurociències</subfield>
      <subfield code="e">author</subfield>
   </datafield>
   <datafield ind2=" " ind1=" " tag="260">
      <subfield code="c">2018</subfield>
   </datafield>
   <datafield ind2=" " ind1=" " tag="520">
      <subfield code="a">Extinction-based therapies (EBT) are the psychological treatments of choice for certain anxiety disorders, such as post-traumatic stress disorder. However, some patients relapse and suffer spontaneous recovery (SR) of anxiety symptoms and persistence of avoidance behaviour, which underlines the need for improving EBT. In rats, recent evidence has highlighted the relevance of the temporal distribution of extinction sessions in reducing SR of auditory fear conditioning, although it has seldom been studied in procedures involving proactive avoidance responses, such as two-way active avoidance conditioning (TWAA). We examined whether the temporal distribution of two extinction sessions separated by 24h or 7days (contiguous versus spaced extinction paradigms, respectively), influences SR after 28days of a TWAA task. c-Fos expression, as a marker of neuronal activation, was also measured by immunohistochemistry 90min after the SR test in the amygdala and the medial prefrontal cortex. The temporal distribution of extinction sessions did not affect the degree of extinction learning. However, only the rats that underwent the 7-day spaced extinction paradigm maintained the level of extinction in the long term, showing no SR in TWAA. This behavioural finding was consistent with a greater number of c-Fos-labelled neurons in the infralimbic cortex in the 7-day group, and in the Lateral and Central nuclei of the amygdala in the 24-hour group. These findings show that a time-spaced extinction paradigm reduces the spontaneous recovery of active avoidance behaviour, and that this behavioural advantage appears to be related to the activation of the infralimbic cortex.</subfield>
   </datafield>
   <datafield tag="653" ind2=" " ind1=" ">
      <subfield code="a">Amygdala</subfield>
   </datafield>
   <datafield tag="653" ind2=" " ind1=" ">
      <subfield code="a">Infralimbic cortex</subfield>
   </datafield>
   <datafield tag="653" ind2=" " ind1=" ">
      <subfield code="a">Post-traumatic stress disorder (PTSD)</subfield>
   </datafield>
   <datafield tag="653" ind2=" " ind1=" ">
      <subfield code="a">Temporal distribution of extinction sessions</subfield>
   </datafield>
   <datafield tag="653" ind2=" " ind1=" ">
      <subfield code="a">Two-way active avoidance extinction</subfield>
   </datafield>
   <datafield tag="653" ind2=" " ind1=" ">
      <subfield code="a">C-fos</subfield>
   </datafield>
   <datafield ind2="0" ind1="0" tag="245">
      <subfield code="a">Spaced sessions of avoidance extinction reduce spontaneous recovery and promote infralimbic cortex activation</subfield>
   </datafield>
</record></metadata></record></GetRecord></OAI-PMH>